000 00599nam a2200217Ia 4500
003 OSt
005 20230502151607.0
008 210423s2019 xx 000 0 und d
020 _a978-81-269-351-1
040 _cAL
041 _aeng
082 _a371.40954
_223
_bSHAG
100 _aSHARMA (Ram nath);SHARMA (Rachana)
_996255
245 _aGuidance and counselling in INDIA
260 _aNew Delhi
_bAtlantic Publishers and Distributors
_c2019
300 _axi,483
_bHB
365 _b1250
_cINR
650 _aEducation
_996256
906 _acounselling ; Guidance ; INDIA
942 _2ddc
_cBK
999 _c170595
_d170595